000 00679cam a2200217 a 4500
001 e 09000409
003 DLC
005 20260227111150.0
008 990602s1877 fr 000 0 fre c
010 _ae 09000409
040 _aU.S. Off. of Educ. Library
_cDLC
_dCLU
_dDLC
050 0 0 _aLB1025
_b.R68 1877
082 0 0 _a371.102
_221
100 1 _aRobin, Ch.
245 1 2 _aL'instruction et l'éducation;
_cpar Charles Robin ...
260 _aParis,
_bG. Decaux [etc.]
_c1877.
300 _axxiii, 336 p. ;
_c18 cm.
500 _a"Ce volume contient les articles que j'ai publiés en 1876 dans la Philosophie positive."--Préf.
650 0 _aTeaching.
650 0 _aEducation.
999 _c18770
_d18770